| 000 | 01353nam0a22003011 4500 | ||
|---|---|---|---|
| 001 | rc\4297136 | ||
| 005 | 20130416124609.1 | ||
| 021 |
_aRU _b[62-25499] |
||
| 035 | _a(NLR Aleph) 008499426 | ||
| 090 |
_a8099505 _c8099505 |
||
| 100 | _a20130416d1962 |||y0rusy50 ca | ||
| 101 | 1 |
_arus _ceng |
|
| 102 | _aRU | ||
| 105 | _aa z ||||| | ||
| 200 | 1 |
_aАллергия к лекарственным веществам _e[Сборник статей] _fПер. с англ. и предисл. проф. В.А. Шорина |
|
| 210 |
_aМосква _cИзд-во иностр. лит. _d1962 |
||
| 215 |
_a344 с. _cил. _d22 |
||
| 300 | _aДоп. тит. л.: Sensitivity reactions to drugs. A symposium organized by the Council for international organizations of med. sciences established under the joint auspices of UNESCO and WHO. Ed. by M.L. Rosenheim and R. Moulton. Oxford, Blackwell scientific publ., 1958 | ||
| 320 | _aБиблиогр. в конце статей | ||
| 513 | 0 | _aSensitivity reactions to drugs | |
| 606 |
_aФармакотерапия _xОсложнения _jСборники _2psbo |
||
| 606 |
_aАллергия лекарственная _jСборники _2psbo |
||
| 702 | 1 |
_aШорин _bВ. А. _4730 _4080 |
|
| 801 | 0 |
_aRU _bNLR _gpsbo |
|
| 801 | 1 |
_aRU _bELAR _2rusmarc |
|
| 852 |
_aNLR _j62-3/2080 |
||
| 942 | _cBOOK | ||
| 980 | _aNB | ||